|
|
|
|
| LEADER |
01255nam a2200241 a 4500 |
| 001 |
13289332 |
| 008 |
100107s1999 bg a f100 0 eng d |
| 010 |
|
|
|a \\2003308615
|
| 040 |
|
|
|a DLC
|c DLC
|d DLC
|d BD-DhAAL
|
| 082 |
0 |
0 |
|a 328.3/65
|2 22
|
| 111 |
2 |
|
|a Conference on Comparative Constitutional Law: Parliamentary Committee Systems
|d (1999 :
|c Dhaka, Bangladesh)
|
| 245 |
1 |
0 |
|a Parliamentary committee systems :
|b conference report, Dhaka, 27-28 May 1999.
|
| 260 |
|
|
|a Dhaka :
|b Bangladesh Jatiya Sangsad, Institute of Parliamentary Studies,
|c 1999.
|
| 300 |
|
|
|a 280 p. :
|b col. ill. ;
|c 28 cm.
|
| 546 |
|
|
|a Includes prefatory matters, an article, and press clippings in Bengali.
|
| 520 |
|
|
|a Contributed articles presented at the Conference on Comparative Constitutional Law: Parliamentary Committee Systems.
|
| 541 |
1 |
|
|e 00007455
|
| 650 |
|
0 |
|a Legislative bodies
|x Committees
|v Congresses.
|
| 610 |
1 |
0 |
|a Bangladesh.
|b Jātīẏa Saṃsada
|x Committees
|v Congresses.
|
| 710 |
2 |
|
|a Institute of Parliamentary Studies (Bangladesh)
|
| 852 |
4 |
|
|a Ayesha Abed Library
|j General shelf
|
| 999 |
|
|
|c 6808
|d 6808
|
| 952 |
|
|
|0 0
|1 0
|2 ddc
|4 0
|6 328_365000000000000_PAR_1999
|7 0
|9 7003
|a BRACUL
|b BRACUL
|c GEN
|d 2010-01-10
|l 1
|m 2
|o 328.365 PAR
|p 3010007455
|r 2018-11-25
|s 2018-11-15
|t 1
|w 2010-01-10
|y BK
|